Ríos de España - Estadísticas

Estadísticas generales
  • Esta prueba ha sido intentada 444 veces
  • La puntuación promedio es 17 de 47
Estadísticas de respuestas
Desemboca Respuesta % Correcto
Atlántico Tajo
96%
Atlántico Miño
92%
Golfo de Cádiz Guadalquivir
91%
Golfo de Cádiz Guadiana
91%
Atlántico Duero
90%
Mediterráneo Ebro
90%
Mediterráneo Segura
72%
Mediterráneo Jucar
68%
Duero Pisuerga
63%
Tajo Jarama
53%
Miño Sil
50%
Mediterráneo Llobregat
44%
Mar Cantábrico Eo
37%
Mar Cantábrico Bidasoa
36%
Duero Adaja
35%
Duero Tormes
34%
Mar Cantábrico Navia
32%
Duero Esla
30%
Golfo de Cádiz Tinto
30%
Ebro Aragon
29%
Ebro Gallego
28%
Guadalquivir Genil
28%
Golfo de Cádiz Guadalete
28%
Ebro Jalon
27%
Golfo de Cádiz Odiel
26%
Ebro Segre
26%
Mar Cantábrico Narcea
24%
Atlántico Tambre
22%
Tajo Alberche
21%
Jarama Henares
21%
Atlántico Ulla
21%
Ebro Cinca
20%
Tajo Alagon
17%
Ebro Arga
17%
Adaja Eresma
16%
Tajo Tietar
16%
Pisuerga Arlanzon
15%
Pisuerga Carrion
15%
Mediterráneo Guadalorce
15%
Mediterráneo Almanzora
14%
Guadiana Cigüela
14%
Mediterráneo Mijares
14%
Guadiana Zancara
14%
Guadiana Zujar
14%
Ebro Ega
13%
Guadalquivir Guadalimar
13%
Ebro Guadalope
12%
No se encontraron pruebas coincidentes
Distribución de puntuación
Porcentaje de gente con cada puntuación
Porcentaje por número respondido
Historial de tus puntuaciones
No has intentado esta prueba.